Natural biomarkers for cellular metabolism biology, techniques, and applications

Bibliographic Details
Main Author: Heikal, Ahmed A. (Author, Editor)
Other Authors: Ghukasyan, Vladimir V. (Editor)
Format: Book
Language:English
PhysicalDescription:380 strán diagramy, fotografie, čiernobiele i farebné ilustrácie 26 cm
Published: Boca Raton London New York CRC Press, Taylor & Francis Group 2017
ISBN:9781138198784
Edition:First issued in paperback
Series:Series in cellular and clinical imaging
Subjects:

MARC

LEADER 00000cam a2200000 4500
001 vtls012158919
003 SK-MaSNL
005 20260331212500.0
008 230121s2017 xxuoa f n 011 0 eng
015 |a SNBZSA2023/08 
020 |a 9781138198784  |q (brožované) 
040 |a SNK  |b slo  |c SNK  |e rda 
041 0 |a eng 
044 |a xxu  |c US  |a xxk  |c GB 
072 7 |a 57  |x Všeobecná biológia  |2 konspekt 
080 |a 57.089  |2 2011 
080 |a 576.34  |2 2001 
080 |a 576.32/.36  |2 2001 
080 |a (048.8)  |2 2011 
080 |a (082)  |2 2011 
100 1 |a Ghukasyan, Vladimir V.  |4 edt  |9 675014 
245 1 0 |a Natural biomarkers for cellular metabolism  |b biology, techniques, and applications  |c edited by Vladimir V. Ghukasyan, Ahmed A. Heikal 
250 |a First issued in paperback 
264 1 |a Boca Raton  |a London  |a New York  |b CRC Press, Taylor & Francis Group  |c 2017 
300 |a 380 strán  |b diagramy, fotografie, čiernobiele i farebné ilustrácie  |c 26 cm 
336 |a text  |b txt  |2 rdacontent 
337 |a bez média  |b n  |2 rdamedia 
338 |a zväzok  |b nc  |2 rdacarrier 
490 1 |a Series in cellular and clinical imaging 
500 |a Obsahuje zoznam skratiek, profesijné údaje editorov spolu s portrétmi a profesijné pôsobenie prispievateľov 
504 |a Obsahuje bibliografiu za jednotlivými príspevkami a register 
650 0 7 |a biologické markery  |2 SNKPH  |9 84323 
650 0 7 |a bunkový metabolizmus  |2 SNKPH  |9 69356 
650 0 7 |a cytofyziológia  |2 SNKPH  |9 73256 
650 0 7 |a Biological markers  |2 SNKPHeng  |9 341542 
650 0 7 |a Cell metabolism  |2 SNKPHeng  |9 411697 
650 0 7 |a Cytophysiology  |2 SNKPHeng  |9 501135 
655 7 |a štúdie  |2 SNKPH  |9 57033 
655 7 |a zborníky  |2 SNKPH  |9 70165 
655 7 |a Studies  |2 SNKPHeng  |9 265573 
655 7 |a Papers of several authors  |2 SNKPHeng  |9 153738 
700 1 |a Heikal, Ahmed A.  |4 aut  |4 edt  |9 675015 
830 0 |a Series in cellular and clinical imaging  |9 675016 
852 |a Slovenská národná knižnica 
919 |a 978-1-138-19878-4 
954 |a odborná, vedecká literatúra cudzojazyčná (svetová)  |2 lita 
954 |a odborná, vedecká literatúra pôvodná (slovenská)  |2 lita 
958 |a ZS 
958 |a NB 
999 |c 1130721  |d 1132651 
952 |a SNK  |b SNK  |y PREZ  |7 0  |p 17A1531868  |o snkSB 99218  |i snk2023/8433  |8 4  |g 64.87  |0 0  |1 0  |4 0  |d 2023-01-21  |f 1  |l 0  |r 2025-05-22 00:00:00  |w 2026-02-24